000 00447nam a2200193Ia 4500
008 240510s9999 xx 000 0 und d
020 _a0000830633677
041 _aEng
082 _a004.5
082 _bR32
100 _aRIETMAN E.
245 0 _aEXPLORING PARALLEL PROCESSING
260 _bU.S.A. : WINDCREST
260 _c1990
300 _a274 p.
650 _aPARALLEL PROCESSING : PROCESSING MODES
942 _2ddc
942 _cLBK
999 _c24237
_d24237
945 _a1
_bMadushi Gamage
_c1
_dMadushi Gamage